Score 0/20 Timer 04:00
3 Plays Today
% Correct
Dean
89.3%
Dean
88.5%
John
85.1%
Dean
82%
Castiel
81.8%
Castiel
81.3%
Crowley
80.8%
Dean
77.1%
Lucifer
72.2%
Lucifer
71.5%
% Correct
Bobby
69.6%
Bobby
68.3%
Sam
61.5%
Bela
59.5%
Crowley
56.9%
Meg
54%
Chuck
43.7%
Sam
41.4%
Mary
25.1%
Crowley
23.6%
Remove Ads.
Support Sporcle.
Get the best of Sporcle when you Go Orange. This ad-free experience offers more features, more stats, and more fun while also helping to support Sporcle. Thank you for becoming a member.

You're not logged in!

Compare scores with friends on all Sporcle quizzes.
OR
Log In

Sporcle TV

Today on Sporcle TV


Watch our educational content, quiz creation guides, and fun videos on Sporcle TV.

Show Comments

Extras

Top Quizzes Today


Score Distribution

Paid Content

Your Account Isn't Verified!

In order to create a playlist on Sporcle, you need to verify the email address you used during registration. Go to your Sporcle Settings to finish the process.

Report this User

Report this user for behavior that violates our Community Guidelines.

Details: